[Event "7. Open de Sants Hostafrancs"]
[Site "Barcelona ESP"]
[Date "2005.09.04"]
[Round "10.12"]
[White "Gabrielsen, Trond"]
[Black "Almeida, Omar"]
[Result "1/2-1/2"]
[WhiteElo "2243"]
[BlackElo "2462"]
[PlyCount "54"]
[EventDate "2005.08.27"]
[EventType "swiss"]
[EventRounds "10"]
[EventCountry "ESP"]
[Source "lmi"]
[SourceDate "2005.08.30"]

1. e4 c5 2. c3 Nf6 3. e5 Nd5 4. d4 cxd4 5. Nf3 Nc6 6. cxd4 d6 7. Bc4 Nb6 8. Bb5
Bd7 9. exd6 e6 10. O-O Bxd6 11. Nc3 a6 12. Bd3 Nb4 13. Bb1 Rc8 14. Ne5 O-O 15.
Re1 f5 16. a3 N4d5 17. Ba2 Rc7 18. Qf3 Kh8 19. Nxd5 Nxd5 20. Bxd5 exd5 21. Bf4
Be6 22. Qg3 Bxe5 23. Rxe5 Rcf7 24. h4 Qb6 25. Qe3 Qd8 26. Qg3 Qb6 27. Qe3 Qd8
1/2-1/2

[Event "7. Open de Sants Hostafrancs"]
[Site "Barcelona ESP"]
[Date "2005.09.04"]
[Round "10.13"]
[White "Gomez Jurado, Luis Alberto"]
[Black "Fluvia Poyatos, Joan"]
[Result "1-0"]
[WhiteElo "2292"]
[BlackElo "2458"]
[PlyCount "87"]
[EventDate "2005.08.27"]
[EventType "swiss"]
[EventRounds "10"]
[EventCountry "ESP"]
[Source "lmi"]
[SourceDate "2005.08.30"]

1. d4 Nf6 2. Nf3 e6 3. c4 b6 4. a3 Bb7 5. Nc3 d5 6. cxd5 Nxd5 7. Qc2 Nxc3 8.
bxc3 Be7 9. e4 Nd7 10. Bd3 O-O 11. O-O c5 12. d5 exd5 13. exd5 Bxd5 14. Bxh7+
Kh8 15. Be4 Nf6 16. Bxd5 Qxd5 17. Bg5 Bd8 18. Rfe1 Ng4 19. Rad1 Qb7 20. Qf5 Qc8
21. Qxc8 Rxc8 22. Rd7 Bxg5 23. Nxg5 f6 24. Nf3 Rfe8 25. Red1 a5 26. h3 Ne5 27.
Nxe5 fxe5 28. Rb7 Rc6 29. Rdd7 Rg6 30. g4 Rf8 31. Kg2 Rf4 32. Kg3 Rc4 33. Rd3
e4 34. Re3 Rd6 35. g5 g6 36. Kf4 Re6 37. h4 Ra4 38. h5 gxh5 39. Kf5 Re8 40. Rh3
Kg8 41. Rxb6 Rxa3 42. Rxh5 Re7 43. Rb8+ Kg7 44. g6 1-0

[Event "7. Open de Sants Hostafrancs"]
[Site "Barcelona ESP"]
[Date "2005.09.04"]
[Round "10.14"]
[White "Fluvia Poyatos, Jordi"]
[Black "Gordon, Stephen J"]
[Result "1-0"]
[WhiteElo "2443"]
[BlackElo "2390"]
[PlyCount "69"]
[EventDate "2005.08.27"]
[EventType "swiss"]
[EventRounds "10"]
[EventCountry "ESP"]
[Source "lmi"]
[SourceDate "2005.08.30"]

1. e4 c5 2. Nf3 e6 3. d4 cxd4 4. Nxd4 a6 5. Bd3 Qb6 6. Nb3 Qc7 7. O-O b6 8. c4
d6 9. Nc3 Nf6 10. f4 Nbd7 11. Be3 Be7 12. Qf3 Bb7 13. Rad1 O-O 14. Qh3 Rfe8 15.
Bb1 Nf8 16. a3 N6d7 17. f5 Ne5 18. fxe6 fxe6 19. Nd4 Bc8 20. Ba2 Nxc4 21. Rc1
Nxe3 22. Qxe3 Qd7 23. Nd5 Bd8 24. Nc6 Bb7 25. Nxd8 Raxd8 26. Rc7 exd5 27. Rxd7
Nxd7 28. Qd4 Re5 29. Qb4 Nf6 30. Qxb6 Rd7 31. exd5 Nxd5 32. Qf2 h5 33. Qf8+ Kh7
34. Bb1+ Kh6 35. h4 1-0

[Event "7. Open de Sants Hostafrancs"]
[Site "Barcelona ESP"]
[Date "2005.09.04"]
[Round "10.15"]
[White "Barrientos Chavarriaga, Sergio"]
[Black "Martin Perez, Javier"]
[Result "1-0"]
[WhiteElo "2433"]
[BlackElo "2304"]
[PlyCount "65"]
[EventDate "2005.08.27"]
[EventType "swiss"]
[EventRounds "10"]
[EventCountry "ESP"]
[Source "lmi"]
[SourceDate "2005.08.30"]

1. e4 e6 2. d4 d5 3. Nc3 Bb4 4. e5 Ne7 5. a3 Bxc3+ 6. bxc3 c5 7. Nf3 Qa5 8. Bd2
Nbc6 9. a4 Bd7 10. Qb1 O-O-O 11. Qb5 c4 12. Qxa5 Nxa5 13. Bc1 f6 14. g3 Nac6
15. exf6 gxf6 16. Bg2 Nf5 17. O-O Kb8 18. Bf4+ Ka8 19. a5 Bc8 20. Rfe1 Rhe8 21.
g4 Nd6 22. g5 f5 23. Re3 Ne4 24. h4 Rg8 25. Ne5 Bd7 26. Nxc6 Bxc6 27. f3 Nd6
28. Rxe6 Nb5 29. Bd2 Rde8 30. Rae1 Rxe6 31. Rxe6 Re8 32. Rf6 Na3 33. h5 1-0

[Event "7. Open de Sants Hostafrancs"]
[Site "Barcelona ESP"]
[Date "2005.09.04"]
[Round "10.16"]
[White "Ashton, Adam"]
[Black "Zagrebelny, Sergey"]
[Result "0-1"]
[WhiteElo "2294"]
[BlackElo "2510"]
[PlyCount "93"]
[EventDate "2005.08.27"]
[EventType "swiss"]
[EventRounds "10"]
[EventCountry "ESP"]
[Source "lmi"]
[SourceDate "2005.08.30"]

1. e4 c5 2. Nf3 d6 3. d4 Nf6 4. Nc3 cxd4 5. Nxd4 e6 6. g4 h6 7. h4 Nc6 8. Rg1
d5 9. Bb5 Bd7 10. exd5 Nxd5 11. Nxd5 exd5 12. Be3 Qa5+ 13. c3 O-O-O 14. Qb3
Nxd4 15. Bxd7+ Rxd7 16. Bxd4 Bc5 17. O-O-O Re8 18. Qc2 Re4 19. Kb1 Bxd4 20.
Rxd4 Rxd4 21. cxd4+ Rc7 22. Qh7 b6 23. Rd1 Qa4 24. Qd3 Qc4 25. Qd2 Qc6 26. Qd3
Qf6 27. f3 Kb7 28. h5 Qf4 29. a3 a6 30. Re1 b5 31. Ka2 Qf6 32. Re5 Qc6 33. Qb3
Rd7 34. Qe3 Qc7 35. f4 Kb6 36. Ka1 a5 37. g5 b4 38. gxh6 gxh6 39. f5 Qc6 40.
Re8 Rc7 41. Rh8 Qc4 42. Rb8+ Ka7 43. Qe8 Qxd4 44. Ra8+ Kb6 45. Qb8+ Kc6 46.
Ra6+ Kd7 47. Qb5+ 0-1

[Event "7. Open de Sants Hostafrancs"]
[Site "Barcelona ESP"]
[Date "2005.09.04"]
[Round "10.17"]
[White "Simon Padros, Emili"]
[Black "Levin, Felix"]
[Result "1/2-1/2"]
[WhiteElo "2287"]
[BlackElo "2501"]
[PlyCount "66"]
[EventDate "2005.08.27"]
[EventType "swiss"]
[EventRounds "10"]
[EventCountry "ESP"]
[Source "lmi"]
[SourceDate "2005.08.30"]

1. e4 c6 2. d4 d5 3. e5 Bf5 4. Nc3 a6 5. Bd3 Bxd3 6. Qxd3 e6 7. Nce2 c5 8. dxc5
Nd7 9. Nf3 Nxc5 10. Qd1 Ne7 11. O-O Ng6 12. Re1 Be7 13. Nf4 Qc7 14. Be3 Ne4 15.
Nd3 O-O 16. Bd4 Rac8 17. c3 Nc5 18. Nxc5 Bxc5 19. Qe2 b5 20. a3 Qb6 21. Rad1 a5
22. Bxc5 Rxc5 23. Rd4 Rc4 24. Red1 Ne7 25. Rxc4 bxc4 26. Nd4 Rb8 27. Rd2 Ng6
28. Qe3 Nf8 29. h4 Nd7 30. h5 h6 31. g4 Nc5 32. f3 Nb3 33. Rf2 Nxd4 1/2-1/2

[Event "7. Open de Sants Hostafrancs"]
[Site "Barcelona ESP"]
[Date "2005.09.04"]
[Round "10.18"]
[White "Oms Fuentes, Lluis"]
[Black "Ledger, Andrew"]
[Result "0-1"]
[WhiteElo "2281"]
[BlackElo "2438"]
[PlyCount "40"]
[EventDate "2005.08.27"]
[EventType "swiss"]
[EventRounds "10"]
[EventCountry "ESP"]
[Source "lmi"]
[SourceDate "2005.08.30"]

1. e4 c6 2. d4 d5 3. e5 Bf5 4. Ne2 e6 5. Ng3 Bg6 6. h4 h5 7. Be2 c5 8. c3 Nc6
9. Qb3 Rb8 10. Be3 Be7 11. Nd2 Bxh4 12. Nxh5 Bxh5 13. Bxh5 Rxh5 14. g3 Nge7 15.
Nf3 Nf5 16. g4 Nxe3 17. gxh5 c4 18. Qb5 a6 19. Rxh4 Ng2+ 20. Ke2 Nxh4 0-1

[Event "7. Open de Sants Hostafrancs"]
[Site "Barcelona ESP"]
[Date "2005.09.04"]
[Round "10.19"]
[White "Zude, Erik"]
[Black "Leiva Velasco, David"]
[Result "1-0"]
[WhiteElo "2424"]
[BlackElo "2203"]
[PlyCount "77"]
[EventDate "2005.08.27"]
[EventType "swiss"]
[EventRounds "10"]
[EventCountry "ESP"]
[Source "lmi"]
[SourceDate "2005.08.30"]

1. d4 f5 2. Nf3 Nf6 3. g3 g6 4. Bg2 Bg7 5. O-O O-O 6. c4 d6 7. Nc3 Nc6 8. d5
Ne5 9. Nxe5 dxe5 10. c5 h6 11. a4 g5 12. a5 a6 13. Ra4 Kh8 14. Qd2 e4 15. f3
exf3 16. Bxf3 e5 17. dxe6 Qxd2 18. Bxd2 c6 19. Rb4 Re8 20. h4 g4 21. Bg2 Rxe6
22. Rxf5 Rxe2 23. Nxe2 Bxf5 24. Rxb7 Ne4 25. Bxe4 Bxe4 26. Bc3 Bxc3 27. Nxc3
Bf3 28. Kf2 Re8 29. Rb6 Ra8 30. Rb7 Re8 31. Rb6 Ra8 32. Ne2 Rd8 33. Nf4 Rd1 34.
Rb7 Ra1 35. Ke3 Rxa5 36. Kd4 Kg8 37. h5 Ra4+ 38. Ke5 Rc4 39. Ng6 1-0

[Event "7. Open de Sants Hostafrancs"]
[Site "Barcelona ESP"]
[Date "2005.09.04"]
[Round "10.20"]
[White "Yeo, Michael"]
[Black "Mascaro March, Pedro"]
[Result "1-0"]
[WhiteElo "2200"]
[BlackElo "2406"]
[PlyCount "51"]
[EventDate "2005.08.27"]
[EventType "swiss"]
[EventRounds "10"]
[EventCountry "ESP"]
[Source "lmi"]
[SourceDate "2005.08.30"]

1. e4 Nc6 2. Nc3 d6 3. d4 Nf6 4. f4 d5 5. e5 Ng8 6. Nf3 Bf5 7. Bd3 Bxd3 8. Qxd3
e6 9. Be3 Nh6 10. O-O Nf5 11. Bf2 h5 12. Ne2 Be7 13. b3 Qd7 14. c4 dxc4 15.
bxc4 Nb4 16. Qd2 c6 17. Nc3 Rd8 18. Rfd1 b5 19. a3 Na6 20. cxb5 cxb5 21. d5
exd5 22. Qxd5 Qxd5 23. Rxd5 Rxd5 24. Nxd5 Kd7 25. Bxa7 Ra8 26. Nb6+ 1-0